Derecho ambiental y de los recursos naturales
Bewaard in:
| Hoofdauteur: | |
|---|---|
| Formaat: | Boek |
| Taal: | Spaans |
| Gepubliceerd in: |
Guayaquil
Edino 95
1994
|
| Onderwerpen: | |
| Tags: |
Voeg label toe
Geen labels, Wees de eerste die dit record labelt!
|
MARC
| LEADER | 00000nam a2200000 a 4500 | ||
|---|---|---|---|
| 001 | UCK5553 | ||
| 003 | CL-VaPUC | ||
| 008 | 050805e19940000EC |||||||||||||||||spa|d | ||
| 082 | 0 | 4 | |a 344.86046 |b PER |2 21 |
| 100 | 0 | |a Pérez Camacho, Efraín |e author |9 494375 | |
| 245 | 1 | 0 | |a Derecho ambiental y de los recursos naturales |
| 300 | |a 360 p | ||
| 942 | |c BK | ||
| 945 | |d 20050805 00:00:00 |a cmena | ||
| 260 | |a Guayaquil |b Edino 95 |c 1994 | ||
| 650 | 0 | |a Derecho ambiental |9 257835 | |
| 650 | 0 | |a Medio ambiente |9 257625 | |
| 650 | 0 | |a Recursos naturales |9 255232 | |
| 650 | 0 | |a Gestión ambiental |9 338121 | |
| 650 | 7 | |a CONTAMINACION |2 CL-VaPUC |9 258139 | |
| 651 | 0 | |a Ecuador |9 258378 | |
| 583 | |a last modification |c 20050805 00:00:00 |k Rodrigo Vera | ||
| 999 | |c 314059 |d 314057 | ||
| 952 | |0 0 |1 0 |4 0 |6 344_860460000000000_PER_1994 |7 0 |8 A |9 385945 |a BIBDER |b BIBDER |d 2019-11-22 |i 412331K |o 344.86046 PER 1994 |p 412331K |r 2023-01-25 |w 2019-11-22 |y BK |k DER | ||